000 00608cam a22002293a 4500
001 13386
003 PGUSA
005 20140828083304.0
008 040907s2004||||xxu|||||s|||||000 | eng d
040 _aPGUSA
_beng
042 _adc
050 4 _aPT
100 1 _aAngelkot, Hermannus,
_d1688-1727
245 1 0 _aVechter
_h[electronic resource] /
_cHermannus Angelkot
260 _bProject Gutenberg,
_c2004
506 _aPublic domain in the USA.
516 _aElectronic text
653 _aDrama
830 0 _aProject Gutenberg
_v13386
856 4 0 _uhttp://www.gutenberg.org/ebooks/13386
942 _cEB
999 _c242641
_d242641